| 000 | 00693nam a2200229Ia 4500 | ||
|---|---|---|---|
| 003 | GCL | ||
| 008 | 140319s9999 xx 000 0 ara d | ||
| 040 |
_aGCL / _cGCL |
||
| 082 | 0 | 4 |
_aق _b069.0962 _bج م |
| 100 | 1 | _aوجدى رزق غالى | |
| 245 | 1 | 0 |
_aالمتحف القبطى وكنائس القاهرة القديمة / _cوجدى رزق غالى |
| 700 | 1 | _aجودت جبرة | |
| 700 | 1 | _aالكوك , لانتونى | |
| 700 | 1 | _aهدى خزام | |
| 300 | _a144 ص | ||
| 490 | _a | ||
| 650 | 0 | 4 | _aالمتحف القبطى |
| 650 | 0 | 4 | _aالفن القبطى |
| 650 | 0 | 4 | _aالكنائس المسيحية |
| 650 | 0 | 4 | _aالقاهرة - الكنائس |
| 942 |
_2ddc _cBK |
||
| 999 |
_c47894 _d47894 |
||